000 00668nas a2200217 4500
001 BR8703485
003 BR-BrBNA
005 20231205090701.0
007 ta
008 230509b bl.|||p| |||| 00| 00por d
040 _aBR-BrBNA
_bpor
_cBiblioteca Nacional de Agricultura
041 _a(Pt)
072 _aC20; L70
110 1 _aInstituto Estadual de Saude Animal, Belo Horizonte, MG (Brasil)
_96338
245 1 _aEducacao sanitaria: um trabalho integrado
650 _aEXTENSAO RURAL
650 _aHIGIENE VETERINARIA
773 0 _tIESACAO (Brazil)
_x
_g(Jun-Jul 1984), 4(23) p. 10
_wBR8703485
909 _a202311
_bLúcia
_c55
_dLúcia Elande
942 _2AGRIS
_n0
_cANA
999 _c120235
_d120235